000
00255nam a2200109Ia 4500
008
190216s9999||||xx |||||||||||||| ||und||
100
_a
Null
245
0
_a
How To Read A Blalance Sheet
260
_b
Universal Publishing
_c
1995
300
_a
165p
942
_c
BK
999
_c
6123
_d
6123